[Event "Subotica-ch op "]
[Site "Subotica"]
[Date "2007.03.07"]
[Round "8"]
[White "Ornjakov, Vlada"]
[Black "Pardic, Oliver"]
[Result "1/2-1/2"]
[WhiteElo "1990"]
[BlackElo "2179"]
[PlyCount "47"]
[EventDate "2007.02.19"]
[EventType "swiss"]
[EventRounds "9"]
[EventCountry "YUG"]
[SourceTitle "EXT 2008"]
[Source "ChessBase"]
[SourceDate "2007.11.25"]
[SourceVersion "1"]
[SourceVersionDate "2007.11.25"]
[SourceQuality "1"]

1. e4 d6 2. d4 f5 3. exf5 Bxf5 4. Bd3 Qd7 5. Be3 e5 6. dxe5 dxe5 7. Qh5+ g6 8. Bxf5 Qxf5 9. Qxf5 gxf5 10. Nf3 Nc6 11. a3 Bh6 12. Bxh6 Nxh6 13. Nbd2 0-0-0 14. h3 Rhg8 15. Nh4 Rd7 16. 0-0-0 Rgd8 17. Ndf3 Nd4 18. Nxd4 Rxd4 19. Rxd4 Rxd4 20. Nf3 Rf4 21. Kd2 Nf7 22. b3 Kd7 23. Ke3 Re4+ 24. Kd2 1/2-1/2

[Event "Subotica-ch op "]
[Site "Subotica"]
[Date "2007.03.02"]
[Round "6"]
[White "Ornjakov, Vlada"]
[Black "Cabarkapa, Novak"]
[Result "1-0"]
[WhiteElo "1990"]
[BlackElo "2091"]
[PlyCount "101"]
[EventDate "2007.02.19"]
[EventType "swiss"]
[EventRounds "9"]
[EventCountry "YUG"]
[SourceTitle "EXT 2008"]
[Source "ChessBase"]
[SourceDate "2007.11.25"]
[SourceVersion "1"]
[SourceVersionDate "2007.11.25"]
[SourceQuality "1"]

1. e4 d5 2. exd5 Qxd5 3. Nc3 Qa5 4. Bc4 Nf6 5. Nf3 Bg4 6. h3 Bh5 7. g4 Bg6 8. d3 e6 9. Bd2 c6 10. Qe2 Qc7 11. Nh4 Be7 12. Nxg6 hxg6 13. f4 Nbd7 14. 0-0-0 b5 15. Bb3 a5 16. a4 Nc5 17. f5 Nxb3+ 18. cxb3 b4 19. Ne4 Qe5 20. fxg6 fxg6 21. Rde1 Nxe4 22. Qxe4 Qxe4 23. Rxe4 Kd7 24. Rhe1 Rxh3 25. Rxe6 Bf6 26. g5 Bd4 27. Bf4 Bc5 28. Rxg6 Bf8 29. Kd2 Rf3 30. Re4 Rf2+ 31. Ke3 Rxb2 32. Rd4+ Ke8 33. Rxc6 Kf7 34. Rd7+ Kg8 35. Rcc7 Rxb3 36. Be5 Re8 37. Kd4 Rc3 38. g6 Re6 39. Ra7 Rxg6 40. Rxa5 Rcc6 41. Ra8 Rb6 42. Rdd8 Rg4+ 43. Ke3 b3 44. Rxf8+ Kh7 45. Rf2 Rgb4 46. Rb2 g5 47. a5 R6b5 48. Bc7 Ra4 49. Rb8 Raxa5 50. Rxb3 Rxb3 51. Rxb3 1-0

[Event "Subotica-ch op "]
[Site "Subotica"]
[Date "2007.02.28"]
[Round "5"]
[White "Petrekanovic, Miroslav"]
[Black "Ornjakov, Vlada"]
[Result "1/2-1/2"]
[WhiteElo "2078"]
[BlackElo "1990"]
[PlyCount "123"]
[EventDate "2007.02.19"]
[EventType "swiss"]
[EventRounds "9"]
[EventCountry "YUG"]
[SourceTitle "EXT 2008"]
[Source "ChessBase"]
[SourceDate "2007.11.25"]
[SourceVersion "1"]
[SourceVersionDate "2007.11.25"]
[SourceQuality "1"]

1. d4 Nf6 2. Nf3 c5 3. d5 d6 4. c4 e5 5. Nc3 g6 6. e4 Bg7 7. g3 0-0 8. Bg2 Nh5 9. 0-0 f5 10. Ng5 f4 11. Ne6 Bxe6 12. dxe6 Nc6 13. Nd5 Re8 14. gxf4 exf4 15. Nxf4 Nxf4 16. Bxf4 Nd4 17. Bg3 Rxe6 18. e5 Rxe5 19. Bxe5 Bxe5 20. f4 Bg7 21. Bxb7 Rb8 22. Bd5+ Kh8 23. Rb1 Nf5 24. Qe2 Bd4+ 25. Kh1 Qh4 26. Rf3 Qh5 27. Qe6 Qg4 28. Rb3 Rf8 29. Rf1 Qh4 30. Kg2 Qg4+ 31. Rg3 Qh4 32. Rb3 Qg4+ 33. Kh1 Qh4 34. Qe1 Qg4 35. h3 Qh5 36. Kh2 Qh6 37. Qe2 Qh4 38. Qg4 Qe7 39. Rb7 Qe3 40. h4 Qd2+ 41. Qg2 Ne3 42. Qf2 Qxf2+ 43. Rxf2 Ng4+ 44. Kg3 Nxf2 45. Rxa7 Nd3 46. a4 Nb4 47. Be4 Bxb2 48. a5 Re8 49. Kf3 Bd4 50. h5 gxh5 51. Rxh7+ Kg8 52. Rxh5 Kf7 53. Rh6 Re7 54. Rxd6 Ra7 55. a6 Rxa6 56. Rxa6 Nxa6 57. Bd5+ Kf6 58. Be4 Ke7 59. Kg4 Nc7 60. Bb7 Ne8 61. Ba8 Kf6 62. Bc6 1/2-1/2